000 00250nam a2200109Ia 4500
008 190216s9999||||xx |||||||||||||| ||und||
100 _aDharmapadam .av
245 0 _aStatistics
260 _bViswanathan Pvt.Ltd
650 _aMathematics
942 _cBK
999 _c37168
_d37168